000 00351nam a22001097a 4500
008 230704b xxu||||| |||| 00| 0 eng d
082 _a362.5
_bLEV 1973
245 _aPrograms in Aid of the Poor for the 1970s
_bPolicy Studies in Employment and Welfare
260 _aLondon
_bThe John Hopkins University Press
_c1973
300 _aXI,146p
942 _2ddc
_cBK
999 _c3940
_d3940